Racionalizácia výroby držiaka motora

Gespeichert in:
Bibliographische Detailangaben
1. Verfasser: Hipp, Lukáš (Verfasst von)
Weitere Verfasser: Görög, Augustín (Betreuung Doktorarbeit)
Format: Manuskript Buch
Sprache:Slowakisch
Veröffentlicht: 2025
Schlagworte:
Online-Zugang:http://is.stuba.sk/zp/portal_zp.pl?podrobnosti=183971
Tags: Tag hinzufügen
Keine Tags, Fügen Sie das erste Tag hinzu!

MARC

LEADER 00000ntm a22000003a 4500
001 stuzp104139
003 SK-STU
005 20250614212707.5
007 ta
008 150427s2015----xo-----f-mn---000-0-slo-d
040 |a STU  |b slo 
041 0 |a slo 
100 1 |a Hipp, Lukáš  |u 063000  |4 aut  |U MTF Materiálovotechnologická fakulta  |T MTF Ústav výrobných technológií  |X 110270  |U M3000  |Y 83  |7 110270 
242 0 1 |a Rationalization of engine mount production  |y eng 
245 1 0 |a Racionalizácia výroby držiaka motora 
260 |c 2025 
650 4 |a CAx software  |2 eng 
650 4 |a component production  |2 eng 
650 4 |a rationalization  |2 eng 
650 4 |a výroba súčiastky  |2 slo 
650 4 |a CAx softvéri  |2 slo 
650 4 |a racionalizácia  |2 slo 
700 1 |a Görög, Augustín  |u 063200  |k Z1  |4 ths  |U MTF Ústav výrobných technológií  |T MTF Katedra obrábania a počítačovej podpory technológií  |X 4179  |U M3200  |Y 164  |7 A000004179 
856 4 |u http://is.stuba.sk/zp/portal_zp.pl?podrobnosti=183971 
996 |c M* DP-15546  |l MMSKP  |s P  |a 0  |w stuzp104139_0001